Εμπορική ναυτιλία και ελληνική οικονομία : πτυχιακή εργασία

Αποθηκεύτηκε σε:
Λεπτομέρειες βιβλιογραφικής εγγραφής
Κύριος συγγραφέας: Μιχάλη, Μαργαρίτα
Συγγραφή απο Οργανισμό/Αρχή: Πανεπιστήμιο Αιγαίου Σχολή Επιστημών της Διοίκησης Τμήμα Διοίκησης Επιχειρήσεων - Τ.Δ.Ε
Άλλοι συγγραφείς: Ξυδέας, Ευάγγελος (Εισηγητής διατριβής)
Μορφή: Thesis Βιβλίο
Γλώσσα:Greek
Δημοσίευση: 2000
Θέματα:
Ετικέτες: Προσθήκη ετικέτας
Δεν υπάρχουν, Καταχωρήστε ετικέτα πρώτοι!

MARC

LEADER 00000cam a2200000 i 4500
001 1/33027
008 030218s2000 gre d
035 |l 10069439 
040 |a GR-MY-UA  |b gre  |e aacr 
041 0 |a gre 
082 0 |a 387.59495 
100 1 |a Μιχάλη, Μαργαρίτα. 
245 1 0 |a Εμπορική ναυτιλία και ελληνική οικονομία :  |b πτυχιακή εργασία /  |c Μιχάλη Μαργαρίτα ; επιβλέπων: Ε. Ξυδέας 
260 |c 2000 
300 |a 103 σ.;  |b πίν.;  |c 30 εκ. 
502 |a Πτυχιακή εργασία – Πανεπιστήμιο Αιγαίου, Χίος, 2000. 
504 |a Περιλαμβάνει βιβλιογραφία 
610 2 0 |a Πανεπιστήμιο Αιγαίου. 
650 0 0 |a Shipping  |z Greece. 
650 0 0 |a Dissertations, Academic  |z Greece. 
700 1 |a Ξυδέας, Ευάγγελος.  |4 ths 
710 1 |a Πανεπιστήμιο Αιγαίου  |b Σχολή Επιστημών της Διοίκησης  |b Τμήμα Διοίκησης Επιχειρήσεων - Τ.Δ.Ε. 
852 |a INST  |b CHIOS  |c DIATR  |e 20030218  |h 387.59495 ΜΙΧ  |p 005200013821  |q 005200013821  |t DIE  |y 12 
901 |a BIBL2-2003-1 
909 |a Χ  |b 100149 
924 |a Μιχάλη  |b Μαργαρίτα  |y Χίος  |z 2003-02 
970 |a ΧΑΖΙΡΗ  |b ΑΝΝΑ  |z 2003/02/18